000 00297nam a22001337a 4500
008 170713b xxu||||| |||| 00| 0 eng d
020 _a9780691009353
041 _aeng
080 _a101
100 _a24
101 _aFIL
245 _aPOLITICS PHYLOSOPHY TERROR
_cVILLA.D.R
942 _2udc
_cBK
999 _c20533
_d20533